Cơ sở lí thuyết hóa hữu cơ T.2 Cơ chế phản ứng
v..v
Đã lưu trong:
| Tác giả chính: | |
|---|---|
| Định dạng: | Sách |
| Năm xuất bản: |
H.
Giáo dục
1979
|
| Chủ đề: | |
| Tags: |
Thêm thẻ
Không có thẻ, Hãy là người đầu tiên gắn thẻ bản ghi này!
|
| LEADER | 00581nam a2200169 4500 | ||
|---|---|---|---|
| 082 | |a 547 |b TR120Q | ||
| 100 | |a Trần Quốc Sơn | ||
| 245 | |a Cơ sở lí thuyết hóa hữu cơ |c Trần Quốc Sơn |n T.2 |p Cơ chế phản ứng | ||
| 260 | |a H. |b Giáo dục |c 1979 | ||
| 300 | |a 303 tr |c 21 cm | ||
| 520 | |a v..v | ||
| 653 | |a Hóa học | ||
| 653 | |a Hóa hữu cơ | ||
| 653 | |a Lý thuyết | ||
| 942 | |2 ddc |c SH | ||
| 999 | |c 7393 |d 7393 | ||
| 952 | |0 0 |1 0 |2 ddc |4 0 |6 547_000000000000000_TR120Q |7 0 |8 500 |9 67556 |a qbu |b qbu |c D3 |d 2015-02-10 |l 3 |o 547 TR120Q |p 7163.c1 |r 2017-10-23 |s 2017-10-10 |w 2015-02-10 |y SH | ||